000 00385nam a2200169Ia 4500
100 _aPillai/S.O/ Sivakami
650 _aPhysics
942 _cBK
366 _f23
654 _aengineering physics
245 _aTextbook of Engineering Physics
260 _bNew Age Interational Ltd.
_c2013
082 _a530
_bPIL
300 _a587
546 _aENGLISH
_cComputers
999 _c29837
_d29837